|
|
|
|
| LEADER |
01123nam a22002537a 4500 |
| 001 |
40327 |
| 003 |
BD-DhAAL |
| 008 |
230105t2019 bg a|||| |||| 00| 0 ben d |
| 020 |
|
|
|a 97898484951401
|
| 040 |
|
|
|a BD-DhAAL
|c BD-DhAAL
|
| 041 |
|
|
|a ben
|
| 082 |
|
|
|a 954.9205
|2 23
|
| 100 |
|
|
|a সফিকউল্লাহ
|9 53246
|
| 245 |
|
|
|a আপন আয়নায় একাত্তর /
|c সফিকউল্লাহ.
|
| 246 |
|
|
|a Apon aynay ekattor :
|b 1971 in my own mirror
|
| 260 |
|
|
|a ঢাকা :
|b মেলা,
|c ২০১৯.
|
| 300 |
|
|
|a ৩২৮ পৃষ্ঠা :
|b চিত্র ;
|c ২২ সে.মি.
|
| 541 |
|
|
|a Donated By Akbar Ali Khan
|e 40327
|
| 651 |
|
|
|a Bangladesh
|x History
|y Revolution, 1971.
|
| 651 |
|
|
|a বাংলাদেশ
|x ইতিহাস
|y মুক্তিযুদ্ধ, ১৯৭১.
|
| 852 |
|
|
|a Ayesha Abed Library
|c Akbar Ali Khan Collection
|
| 942 |
|
|
|2 ddc
|c BK
|
| 999 |
|
|
|c 45403
|d 45403
|
| 952 |
|
|
|0 0
|1 0
|2 ddc
|4 0
|6 954_920500000000000_SHA
|7 1
|9 72787
|a BRACUL
|b BRACUL
|c AAKC
|d 2023-01-05
|e Donated By Akbar Ali Khan
|g 400.00
|l 0
|o 954.9205 SHA
|p 3010040327
|r 2023-01-05
|w 2023-01-05
|y BK
|